banner-ar

مساجد الزبير / (Record no. 64570)

MARC details
000 -الفاتح
حقل البيانات ثابتة الطول 01064nam a22002657a 4500
005 - وقت وتاريخ اخر تعامل مع التسجيلة
رقم الضبط 20240530110738.0
008 - عناصر البيانات ثابتة الطول - معلومات عامة
حقل البيانات ثابتة الطول 180910s2001 jo g b 000 0 ara d
017 ## - رقم الايداع القانونى
رقم الايداع القانونى 22/1351
المصدر ( الهيئة المختصة) مصر. دار الكتب
020 ## - الرقم الدولى المعيارى للكتب
الرقم الدولى المعيارى للكتاب 9960667168
040 ## - مصدر الفهرسة
وكالة الفهرسة الأصلية EG-CaGPL
وكالة النسخ EG-CaGPL
082 04 - رقم تصنيف ديوى العشرى
رقم الطبعة 21
رقم التصنيف 215 /
رقم المادة م م
100 0# - المدخل الرئيسى - إسم شخصى
الإسم الشخصى محمد بن العسافى
245 10 - بيان العنوان
العنوان مساجد الزبير /
بيان المسئوليه,etc تاليف محمد بن العسافى ؛ مشاركة ابراهيم بن راشد الصقير ؛ تحقيق وتقديم قاسم السامرائى
250 ## - بيان الطبعة
بيان الطبعة ط.1
260 ## - PUBLICATION, DISTRIBUTION, ETC. (IMPRINT)
تاريخ النشر أو التوزيع 2001.
300 ## - الوصف المادى
التعداد 106 ص. ؛
أبعاد الوعاء 19 سم.
504 ## - تبصرة ببليوجرافية
تبصرة ببليوجرافية,الخ يشتمل على ارجاعات ببليوجرافية
650 07 - المدخل الاضافى بالموضوع-مصطلح موضوعى
مصدر الرأس أو المصطلح qrmak
مصطلح موضوعي المساجد
650 07 - المدخل الاضافى بالموضوع-مصطلح موضوعى
مصدر الرأس أو المصطلح qrmak
مصطلح موضوعي العمارة الاسلامية
651 ## - المدخل الاضافى بالموضوع - اسم جغرافى
مصدر الرأس أو المصطلح qrmak
700 0# - المدخل الاضافى - اسم شخصى
الإسم الشخصى ابراهيم بن راشد الصقير
الدور مشارك
700 0# - المدخل الاضافى - اسم شخصى
الإسم الشخصى قاسم السامرائى
الدور محقق ومقدم
942 ## - عناصر المدخل الإضافي( كوها)
مصدر التصنيف او مخطط الترفيف Dewey Decimal Classification
Koha [default] item type كتاب
260 ## - PUBLICATION, DISTRIBUTION, ETC. (IMPRINT)
-- الرياض :
-- دار الفيصل الثقافية،
Holdings
حالة التراجع حالة الفقد حالة تلف ليس للاعارة المكان المؤقت الموقع الحالى موقع الترفيف تاريخ الاكتساب اجمالي اﻻعارات رقم الطلب الباركود تاريخ اخر مشاهدة تاريخ تفعيل السعر نوع وعاء كوها
        مكتبة القاهرة الكبرى مكتبة القاهرة الكبرى القاعة الرئيسية 09/10/2018   215 / م م 165008 09/10/2018 09/10/2018 كتاب

Powered By

EGPV